[Event "2nd UNAM Open Section I 2012"]
[Site "Mexico City MEX"]
[Date "2012.11.25"]
[Round "7.8"]
[White "Ibarra Chami, Luis Fernando"]
[Black "Perez Avendano, Paul Omar"]
[Result "1-0"]
[WhiteTitle "IM"]
[BlackTitle "FM"]
[WhiteElo "2473"]
[BlackElo "2232"]
[WhiteFideId "5105048"]
[BlackFideId "5102847"]
[EventDate "2012.11.21"]

1. c4 Nf6 2. Nc3 c5 3. g3 g6 4. Bg2 Bg7 5. d3 O-O 6. e4 d6 7. Nge2 Nc6 8. O-O
Bd7 9. a3 a6 10. Rb1 a5 11. h3 Ne8 12. Be3 Nc7 13. d4 b6 14. d5 Ne5 15. b3 Bc8
16. f4 Nd7 17. Qd3 Rb8 18. g4 Ba6 19. a4 Bc8 20. Ng3 h6 21. Nce2 Ne8 22. Rbd1
Nef6 23. Bd2 Qc7 24. Kh1 Rd8 25. Ng1 Nf8 26. Nf3 N6h7 27. Bc3 f6 28. e5 dxe5 29.
fxe5 Be6 30. Qe3 Bf7 31. Rde1 Re8 32. Qf2 Rec8 33. Nd2 Be8 34. d6 Ra8 35. Nb1 1-0

[Event "2nd UNAM Open Section I 2012"]
[Site "Mexico City MEX"]
[Date "2012.11.25"]
[Round "7.9"]
[White "Ayala Pena, Eduardo Azael"]
[Black "Guerra Mojena, Leandro"]
[Result "1-0"]
[WhiteTitle "CM"]
[BlackTitle "FM"]
[WhiteElo "2112"]
[BlackElo "2382"]
[WhiteFideId "5117054"]
[BlackFideId "3513602"]
[EventDate "2012.11.21"]

1. d4 Nf6 2. c4 g6 3. Nc3 d5 4. Bf4 Bg7 5. e3 O-O 6. cxd5 Nxd5 7. Nxd5 Qxd5 8.
Bxc7 Na6 9. Bxa6 Qxg2 10. Qf3 Qxf3 11. Nxf3 bxa6 12. Nd2 Bb7 13. O-O Rfc8 14.
Rac1 Bd5 15. b3 e6 16. Bd6 f6 17. f3 Kf7 18. Kf2 Ke8 19. Ke2 Kd7 20. Bc5 Bh6 21.
b4 Rab8 22. a3 Rc7 23. Rc3 f5 24. Kd3 Bg7 25. e4 Bc6 26. Re1 Bb5+ 27. Kc2 Bf6
28. Kb3 Bg5 29. Nc4 Bxc4+ 30. Rxc4 a5 31. Rd1 axb4 32. axb4 a5 33. Ra1 axb4 34.
Rxb4 Rxb4+ 35. Kxb4 Be3 36. Ra6 Rc6 37. Rxc6 Kxc6 38. d5+ exd5 39. exd5+ Kxd5
40. Bxe3 Ke5 41. Kc4 f4 42. Bf2 g5 43. Kd3 Kf5 44. Ke2 Kf6 45. Bd4+ Kf5 46. Kf2
Kg6 47. Kg2 Kh5 48. Kh3 h6 49. Bb6 Kg6 50. Kg4 h5+ 51. Kh3 Kf5 52. Bd8 Kg6 53.
Kg2 Kf5 54. Kf2 Kg6 55. Ke2 Kf5 56. Kd3 g4 57. Bh4 Ke5 58. Bf2 Kd5 59. Bd4 g3
60. h4 g2 61. Bg1 Ke5 62. Ke2 Kd5 1-0

[Event "2nd UNAM Open Section I 2012"]
[Site "Mexico City MEX"]
[Date "2012.11.25"]
[Round "8.3"]
[White "Gonzalez Zamora, Juan Carlos"]
[Black "Ibarra Chami, Luis Fernando"]
[Result "1-0"]
[WhiteTitle "GM"]
[BlackTitle "IM"]
[WhiteElo "2542"]
[BlackElo "2473"]
[WhiteFideId "3507548"]
[BlackFideId "5105048"]
[EventDate "2012.11.21"]

1. d4 d5 2. Nf3 e6 3. e3 Nf6 4. Bd3 c5 5. b3 Nc6 6. O-O Bd6 7. Bb2 Qe7 8. Ne5
O-O 9. Nd2 Bd7 10. a3 a6 11. c4 Rfd8 12. Qe2 Rac8 13. f4 Bb8 14. Rf3 cxd4 15.
exd4 dxc4 16. bxc4 Ba7 17. c5 b6 18. Rh3 g6 19. Qf2 bxc5 20. Ndf3 Rb8 21. Rd1
Rxb2 22. Qxb2 Nxd4 23. Nxd4 cxd4 24. Qf2 Nd5 25. Rg3 Be8 26. h4 Qf6 27. Rf1 Kf8
28. h5 Rc8 29. hxg6 hxg6 30. Rh3 Rc3 31. Qg3 Ne3 32. Rb1 Nf5 33. Qh2 Rc7 34. Rh7
Bb5 35. Ng4 1-0

[Event "2nd UNAM Open Section I 2012"]
[Site "Mexico City MEX"]
[Date "2012.11.25"]
[Round "8.4"]
[White "Gonzalez Garcia, Jose"]
[Black "Ayala Pena, Eduardo Azael"]
[Result "1-0"]
[WhiteTitle "GM"]
[BlackTitle "CM"]
[WhiteElo "2497"]
[BlackElo "2112"]
[WhiteFideId "5101174"]
[BlackFideId "5117054"]
[EventDate "2012.11.21"]

1. d4 d5 2. c4 c6 3. Nf3 Nf6 4. e3 e6 5. b3 Nbd7 6. Bb2 Bd6 7. Bd3 Qe7 8. Ne5
O-O 9. O-O Rd8 10. Nd2 c5 11. f4 Nf8 12. g4 cxd4 13. exd4 dxc4 14. bxc4 Ba3 15.
Bxa3 Qxa3 16. g5 Ne8 17. Qh5 g6 18. Qf3 Qd6 19. Nb3 Rb8 20. Rae1 Bd7 21. c5 Qc7
22. d5 Ba4 23. d6 Qc8 24. Rc1 Nd7 25. Qe3 Ng7 26. Ng4 Bc6 27. Nh6+ Kf8 28. f5
gxf5 29. Qd4 Re8 30. h4 Qd8 31. Rce1 b6 32. Bxf5 exf5 33. Nxf5 Ne5 34. Rxe5 f6
35. Re7 Kg8 36. Qd1 fxg5 37. hxg5 Ra8 1-0

[Event "2nd UNAM Open Section I 2012"]
[Site "Mexico City MEX"]
[Date "2012.11.25"]
[Round "8.5"]
[White "Fernandez, Daniel"]
[Black "Ortiz Suarez, Isan Reynaldo"]
[Result "0-1"]
[WhiteTitle "IM"]
[BlackTitle "GM"]
[WhiteElo "2395"]
[BlackElo "2595"]
[WhiteFideId "2015390"]
[BlackFideId "3507165"]
[EventDate "2012.11.21"]

1. d4 Nf6 2. c4 e6 3. g3 d5 4. Nf3 c6 5. Bg2 Nbd7 6. Qc2 Bb4+ 7. Bd2 Be7 8. O-O
O-O 9. Rd1 b6 10. Bf4 Bb7 11. Nc3 Nh5 12. Bc1 f5 13. b3 g5 14. Bb2 Qe8 15. Ne5
Nxe5 16. dxe5 Rd8 17. e3 f4 18. exf4 gxf4 19. cxd5 cxd5 20. Na4 Rc8 21. Qe2 b5
22. Bh3 Ng7 23. Nc3 Bc5 24. Qxb5 Qh5 25. Bf1 Ra8 26. Bg2 Be7 27. Rf1 Rad8 28.
Rfd1 0-1

[Event "2nd UNAM Open Section I 2012"]
[Site "Mexico City MEX"]
[Date "2012.11.25"]
[Round "8.8"]
[White "Garmendez Gonzalez, Florentino"]
[Black "Alvarez Pedraza, Aramis"]
[Result "0-1"]
[WhiteTitle "IM"]
[BlackTitle "GM"]
[WhiteElo "2293"]
[BlackElo "2525"]
[WhiteFideId "5100330"]
[BlackFideId "3507408"]
[EventDate "2012.11.21"]

1. e4 c6 2. d4 d5 3. Nc3 dxe4 4. Nxe4 Nf6 5. Ng5 Bf5 6. c3 h6 7. N5f3 Nbd7 8.
Bd3 Bxd3 9. Qxd3 e6 10. Ne2 Be7 11. h3 a6 12. O-O O-O 13. Bf4 c5 14. Rad1 Qa5
15. Qb1 Rac8 16. Rfe1 Rfd8 17. Ng3 Bf8 18. Re2 Nd5 19. Bd2 Qb5 20. Rde1 N5b6 21.
Bf4 Qa4 22. b3 Qa5 23. Bd2 cxd4 24. c4 Bb4 25. Bxb4 Qxb4 26. Nxd4 Nf6 27. Nxe6
fxe6 28. Rxe6 Rc6 29. Qg6 Qf8 30. Nf5 Kh8 31. Re7 Ng8 32. Qxg7+ Qxg7 33. Rxg7
Rf8 34. g4 Rxf5 35. Rxb7 Rf8 36. Ra7 Nc8 37. Ra8 Rcf6 38. Re2 Nge7 39. b4 Nc6
40. a3 Nd4 41. Ra2 h5 42. Kf1 hxg4 43. hxg4 Rg6 44. Rd2 Rxg4 45. Rxa6 Nf3 46.
Rd1 Re8 47. Rh6+ Kg8 48. Rh1 Nd6 0-1

[Event "2nd UNAM Open Section I 2012"]
[Site "Mexico City MEX"]
[Date "2012.11.25"]
[Round "8.9"]
[White "Martinez Duany, Lelys Stanley"]
[Black "Nakhbayeva, Guliskhan"]
[Result "1-0"]
[WhiteTitle "GM"]
[BlackTitle "WIM"]
[WhiteElo "2463"]
[BlackElo "2334"]
[WhiteFideId "3504727"]
[BlackFideId "13704788"]
[EventDate "2012.11.21"]

1. c4 Nf6 2. Nc3 e6 3. Nf3 Bb4 4. g3 c5 5. Bg2 O-O 6. O-O Nc6 7. Na4 Qe7 8. a3
Ba5 9. d4 d6 10. b4 cxb4 11. axb4 Bxb4 12. Qb3 d5 13. c5 Ba5 14. Bf4 Bc7 15. e3
Rb8 16. Rfc1 Bxf4 17. gxf4 Ne4 18. Nc3 f5 19. Nb5 b6 20. Nxa7 Nxa7 21. cxb6 Rb7
22. Rxa7 Rxa7 23. bxa7 Qxa7 24. Ne5 Nf6 25. Qb4 Qb7 26. Qd6 Ne8 27. Qc5 Nf6 28.
Bf1 Nd7 29. Qe7 Nxe5 30. Rc7 Qxc7 31. Qxc7 Nd7 32. Ba6 Bxa6 33. Qxd7 Bc8 34. Qe7
Rf7 35. Qd8+ Rf8 36. Qc7 Re8 37. Kg2 Rf8 38. Kg3 h6 39. f3 Kh7 40. Qc6 Kg8 41.
Kf2 Kh8 42. Ke2 Kg8 43. Kd2 Kf7 44. Kc3 Kg8 45. Kb4 Kh8 46. Kc5 Kg8 47. Kd6 Kf7
48. Kc7 Kg8 49. h4 Kh8 50. Qa4 Kg8 51. Qa1 Kh8 52. Qg1 Kh7 53. h5 Kh8 54. Qg6
Kg8 55. Kd6 Rf6 56. Qe8+ Rf8 57. Qe7 Rf7 58. Qd8+ Rf8 59. Qc7 Kh8 60. Qc1 Kg8
61. Qg1 Rf6 62. Kc7 Ba6 63. Kd7 Bd3 64. Ke7 Bc4 65. Qd1 Bb5 66. Qc2 Ba6 67. Qb1
Bc4 68. Qb8+ Kh7 69. Qb2 Kg8 70. Qb1 Kh8 71. Qc2 Ba6 72. e4 fxe4 73. fxe4 dxe4
74. Qxe4 Bc4 75. Kd6 Bd5 76. Qe5 Rf5 77. Qxf5 exf5 78. Kxd5 g5 79. fxg5 hxg5 80.
Ke5 g4 81. Kf4 1-0

[Event "2nd UNAM Open Section I 2012"]
[Site "Mexico City MEX"]
[Date "2012.11.25"]
[Round "8.10"]
[White "Pacheco, Marco"]
[Black "Otero Acosta, Diasmany"]
[Result "0-1"]
[WhiteTitle "FM"]
[BlackTitle "IM"]
[WhiteElo "2377"]
[BlackElo "2443"]
[WhiteFideId "3800989"]
[BlackFideId "3503186"]
[EventDate "2012.11.21"]

1. d4 d5 2. c4 c6 3. cxd5 cxd5 4. Nf3 Nc6 5. Nc3 Nf6 6. Bf4 Bf5 7. e3 e6 8. Bb5
Nd7 9. Rc1 Rc8 10. Qb3 Be7 11. O-O g5 12. Be5 f6 13. Bg3 h5 14. h4 g4 15. Nd2
Bg6 16. Ne2 O-O 17. e4 Nb6 18. Rfe1 Bf7 19. Qe3 Re8 20. e5 Nd7 21. Bd3 Bf8 22.
exf6 Qxf6 23. Qg5+ Bg7 24. Nb3 Nf8 25. Bf4 Bg6 26. Bxg6 Nxg6 27. Qxf6 Bxf6 28.
g3 b6 29. Bd2 e5 30. Bc3 e4 31. Kg2 Nce7 32. Bd2 Nf5 33. Be3 Nd6 34. Nc3 Ne7 35.
Nd2 Kf7 36. Ne2 Ng6 37. b3 Ke6 38. a4 Nf5 39. Red1 Nfe7 40. b4 Nf5 41. b5 Nd6
42. Bf4 Nc4 43. Nxc4 Rxc4 44. Rxc4 dxc4 45. Be3 Rc8 46. Rc1 Be7 47. Nc3 Ba3 48.
Rc2 Kf5 49. Nd5 Ke6 50. Nc3 Kf5 51. Nd5 Ne7 52. Nf4 c3 53. Kf1 Bd6 54. Ne2 Nd5
55. Bc1 Rc4 56. Kg2 Bb4 57. Bf4 Ba5 58. Bb8 Rxa4 59. Bxa7 Ra1 0-1

[Event "2nd UNAM Open Section I 2012"]
[Site "Mexico City MEX"]
[Date "2012.11.25"]
[Round "8.12"]
[White "Torres Rosas, Luis Carlos"]
[Black "Vera Siguenas, Deivy"]
[Result "1/2-1/2"]
[WhiteTitle "CM"]
[BlackTitle "FM"]
[WhiteElo "2243"]
[BlackElo "2396"]
[WhiteFideId "5111080"]
[BlackFideId "3804623"]
[EventDate "2012.11.21"]

1. d4 Nf6 2. c4 g6 3. Nc3 Bg7 4. e4 d6 5. Nf3 O-O 6. Be2 Bg4 7. Be3 Nfd7 8. Rc1
e5 9. d5 Bxf3 10. Bxf3 f5 11. h4 f4 12. Bd2 h5 13. g4 fxg3 14. fxg3 c5 15. O-O
Na6 16. Bg5 Bf6 17. Bh6 Bg7 18. Bg5 Bf6 19. Be3 Nc7 20. Bg2 a6 21. a4 Qe7 22.
Qd2 Rf7 23. Bh6 Bg7 24. Rxf7 Qxf7 25. Rf1 Qe7 26. Qg5 Qxg5 27. Bxg5 Rf8 28. Be7
Rxf1+ 29. Kxf1 Bf6 30. Bxf6 Nxf6 31. a5 Na8 32. Na4 Kf7 33. Ke2 Ke7 34. Kf3 Nd7
35. Bh3 b5 36. Nc3 Nc7 37. Bf1 bxc4 38. Bxc4 Nf6 39. Bf1 Kd8 40. Bh3 Nb5 41.
Nxb5 axb5 42. Bf1 c4 43. Bxc4 1/2-1/2

[Event "2nd UNAM Open Section I 2012"]
[Site "Mexico City MEX"]
[Date "2012.11.25"]
[Round "9.1"]
[White "Macieja, Bartlomiej"]
[Black "Gonzalez Garcia, Jose"]
[Result "1-0"]
[WhiteTitle "GM"]
[BlackTitle "GM"]
[WhiteElo "2609"]
[BlackElo "2497"]
[WhiteFideId "1104306"]
[BlackFideId "5101174"]
[EventDate "2012.11.21"]

1. Nf3 Nf6 2. c4 c5 3. d4 cxd4 4. Nxd4 a6 5. Nc3 e6 6. Bg5 d6 7. e3 Be7 8. Be2
Bd7 9. O-O Nc6 10. Nf3 h6 11. Bxf6 gxf6 12. Qd2 Qc7 13. Rfd1 Rd8 14. Rac1 Ne5
15. Qd4 b6 16. Nd2 f5 17. f4 Ng6 18. Bh5 Rg8 19. g3 Qc5 20. Kf2 Qc7 21. b4 Qb7
22. Nf3 Kf8 23. a4 Be8 24. Rc2 f6 25. Re1 Ne5 26. fxe5 Bxh5 27. exf6 Qxf3+ 28.
Kg1 Rg4 29. e4 Kf7 30. fxe7 Rxg3+ 31. hxg3 Qxg3+ 32. Rg2 Qxe1+ 33. Kh2 Qh4+ 34.
Kg1 Kxe7 35. Rg7+ Bf7 36. Qxb6 Qf6 37. Rg3 Qe5 38. Qa7+ Kf6 39. Qf2 h5 40. exf5
exf5 41. Re3 Rg8+ 42. Kh1 Rg4 43. Rxe5 dxe5 44. Nd5+ Bxd5+ 45. cxd5 Rxb4 46. Qc5
Rb1+ 47. Kg2 Rb2+ 48. Kh3 f4 49. Qf8+ Kg5 50. Qg7+ Kf5 51. Qh7+ Kg5 52. Qg7+ Kf5
53. Qh7+ Kg5 54. d6 Rb3+ 55. Kh2 Rb2+ 56. Kg1 1-0

[Event "2nd UNAM Open Section I 2012"]
[Site "Mexico City MEX"]
[Date "2012.11.25"]
[Round "9.3"]
[White "Ortiz Suarez, Isan Reynaldo"]
[Black "Dobrov, Vladimir"]
[Result "0-1"]
[WhiteTitle "GM"]
[BlackTitle "GM"]
[WhiteElo "2595"]
[BlackElo "2496"]
[WhiteFideId "3507165"]
[BlackFideId "4136594"]
[EventDate "2012.11.21"]

1. e4 c5 2. Nf3 d6 3. d4 cxd4 4. Nxd4 Nf6 5. Nc3 a6 6. Bg5 e6 7. f4 Qb6 8. Qd3
Qxb2 9. Rb1 Qa3 10. f5 Nc6 11. fxe6 fxe6 12. Nxc6 bxc6 13. Be2 Be7 14. Bh5+ g6
15. e5 dxe5 16. Bxf6 Bxf6 17. O-O e4 18. Nxe4 Qxd3 19. Nxf6+ Ke7 20. cxd3 gxh5
21. Nxh5 Ra7 22. Rf2 Rd7 23. Rbf1 Rxd3 24. Rf7+ Kd6 25. Nf6 h5 26. Rc1 Rd4 27.
Re1 c5 28. Ne4+ Kd5 29. Ng5 Kd6 30. Ra7 Rf8 31. Nxe6 Re8 32. Nxd4 Rxe1+ 33. Kf2
Ra1 0-1

[Event "2nd UNAM Open Section I 2012"]
[Site "Mexico City MEX"]
[Date "2012.11.25"]
[Round "9.4"]
[White "Alvarez Pedraza, Aramis"]
[Black "Cordova, Emilio"]
[Result "1-0"]
[WhiteTitle "GM"]
[BlackTitle "GM"]
[WhiteElo "2525"]
[BlackElo "2568"]
[WhiteFideId "3507408"]
[BlackFideId "3801497"]
[EventDate "2012.11.21"]

1. d4 Nf6 2. c4 e6 3. Nc3 Bb4 4. e3 b6 5. Ne2 Bb7 6. a3 Bd6 7. d5 O-O 8. g3 exd5
9. Bg2 a5 10. cxd5 Na6 11. O-O Re8 12. b3 Be5 13. Bb2 Nc5 14. Qc2 Ba6 15. Rfd1
Nfe4 16. Nd4 Nxc3 17. Bxc3 Nb7 18. f4 Bd6 19. e4 f6 20. b4 Bc4 21. Nf5 b5 22.
Qd2 Qb8 23. Re1 Bf8 24. e5 g6 25. Ne3 f5 26. g4 1-0

[Event "2nd UNAM Open Section I 2012"]
[Site "Mexico City MEX"]
[Date "2012.11.25"]
[Round "9.5"]
[White "Hernandez Carmenate, Holden"]
[Black "Martinez Duany, Lelys Stanley"]
[Result "1/2-1/2"]
[WhiteTitle "GM"]
[BlackTitle "GM"]
[WhiteElo "2562"]
[BlackElo "2463"]
[WhiteFideId "3504387"]
[BlackFideId "3504727"]
[EventDate "2012.11.21"]

1. d4 Nf6 2. c4 g6 3. Nc3 Bg7 4. e4 d6 5. Be2 O-O 6. Bg5 a6 7. Nf3 h6 8. Be3 Ng4
9. Bc1 c5 10. O-O Nc6 11. d5 Nd4 12. Nxd4 cxd4 13. Bxg4 dxc3 14. bxc3 Qa5 15.
Be2 Bd7 16. Be3 Qxc3 17. Rc1 Qa5 18. Qb3 Qa4 19. Qxa4 Bxa4 20. c5 dxc5 21. Bxc5
Rfe8 22. Bb6 Bb5 23. Rfe1 Bxe2 24. Rxe2 Rac8 25. Rec2 Rxc2 26. Rxc2 Be5 27. g3
g5 28. Be3 f6 29. Kg2 Kf7 30. f4 gxf4 31. Bxf4 Bxf4 32. gxf4 f5 33. e5 Rd8 34.
Rd2 Rc8 35. Kg3 b5 36. Kf3 Rc3+ 37. Kf2 Ra3 38. d6 exd6 39. Rxd6 Rxa2+ 40. Kg3
b4 41. Rxh6 Ra5 42. Rb6 Rb5 43. Rxa6 b3 44. Ra1 b2 45. Rb1 Rb3+ 46. Kf2 Ke6 47.
Kg2 Rb8 48. Kg3 Rb3+ 49. Kg2 Kd5 50. h4 1/2-1/2

[Event "2nd UNAM Open Section I 2012"]
[Site "Mexico City MEX"]
[Date "2012.11.25"]
[Round "9.7"]
[White "Ibarra Chami, Luis Fernando"]
[Black "Tapie Amione, Pablo Adib"]
[Result "1-0"]
[WhiteTitle "IM"]
[BlackTitle "CM"]
[WhiteElo "2473"]
[BlackElo "2221"]
[WhiteFideId "5105048"]
[BlackFideId "5107180"]
[EventDate "2012.11.21"]

1. c4 c5 2. Nc3 Nc6 3. g3 g6 4. Bg2 Bg7 5. e3 d6 6. d3 e5 7. Nge2 Nge7 8. a3 a5
9. Rb1 O-O 10. O-O Rb8 11. Bd2 h6 12. Qb3 b6 13. Nb5 Kh7 14. Nec3 Bf5 15. Ne4
Nc8 16. Rfd1 N6e7 17. Bc3 Bg4 18. Re1 Be6 19. Nd2 d5 20. cxd5 Nxd5 21. Nc4 f6
22. Rbd1 Qd7 23. d4 Qf7 24. Bf1 Nxc3 25. bxc3 e4 26. Qa4 f5 27. Nd2 Rd8 28. Bc4
Nd6 29. Bxe6 Qxe6 30. Nxd6 Rxd6 31. Rb1 cxd4 32. cxd4 Qa2 33. Nc4 Rh8 34. Qd1
Rxd4 35. exd4 1-0

[Event "2nd UNAM Open Section I 2012"]
[Site "Mexico City MEX"]
[Date "2012.11.25"]
[Round "9.8"]
[White "Videnova, Iva"]
[Black "Perez Rodriguez, Luis Manuel"]
[Result "0-1"]
[WhiteTitle "WGM"]
[BlackTitle "GM"]
[WhiteElo "2318"]
[BlackElo "2446"]
[WhiteFideId "2907763"]
[BlackFideId "3503364"]
[EventDate "2012.11.21"]

1. e4 e5 2. Nf3 Nc6 3. Bb5 a6 4. Ba4 Nf6 5. O-O Be7 6. Re1 b5 7. Bb3 O-O 8. a4
Bb7 9. d3 Re8 10. Nbd2 Bf8 11. Nf1 h6 12. Ne3 Na5 13. Ba2 c5 14. Bd2 Nc6 15. c3
d6 16. axb5 axb5 17. Qb3 Qc7 18. Qxb5 Ra5 19. Qb3 Rea8 20. Nc4 R5a6 21. Na3 Na5
22. Qc2 d5 23. exd5 Nxd5 24. Nxe5 Re8 25. d4 cxd4 26. cxd4 Qd8 27. Qf5 Re7 28.
Nb5 Rf6 29. Qd3 Nc6 30. Bb1 g6 31. Nxc6 Rxe1+ 32. Bxe1 Bxc6 33. Bd2 Nf4 34. Bxf4
Rxf4 35. Qg3 Rf6 36. Bd3 Qb6 37. Qe5 Re6 38. Qc7 Bxb5 39. Qxb6 Rxb6 40. Bxb5
Rxb5 41. Rb1 Rd5 42. Kf1 Rxd4 43. Ke2 Bb4 44. Ke3 Rd2 45. g4 Rc2 46. h4 Bc5+ 47.
Ke4 Bxf2 48. h5 Rc4+ 49. Kf3 Bb6 50. hxg6 fxg6 51. Rd1 Rb4 52. Rd6 Kf7 53. Rd7+
Ke6 54. Rh7 Rb3+ 55. Ke2 Rxb2+ 56. Kd3 Rb3+ 57. Kc4 Rg3 58. Rxh6 Rxg4+ 59. Kd3
Kf5 60. Ke2 Rg3 61. Rh8 Re3+ 62. Kf1 Rb3 63. Rh4 g5 64. Rc4 Rb2 65. Rc8 g4 0-1

[Event "2nd UNAM Open Section I 2012"]
[Site "Mexico City MEX"]
[Date "2012.11.25"]
[Round "9.9"]
[White "Torres Rosas, Luis Carlos"]
[Black "De La Paz Perdomo, Frank"]
[Result "0-1"]
[WhiteTitle "CM"]
[BlackTitle "GM"]
[WhiteElo "2243"]
[BlackElo "2436"]
[WhiteFideId "5111080"]
[BlackFideId "3501833"]
[EventDate "2012.11.21"]

1. d4 Nf6 2. c4 g6 3. Nc3 Bg7 4. e4 d6 5. Nf3 O-O 6. Be2 Na6 7. O-O c6 8. Re1 e5
9. Bf1 exd4 10. Nxd4 Ng4 11. h3 Qb6 12. hxg4 Qxd4 13. g5 Qxd1 14. Rxd1 Nc5 15.
f3 Be5 16. Be2 a5 17. Be3 a4 18. Rac1 Be6 19. Rc2 h6 20. gxh6 f5 21. exf5 Bxf5
22. Rcc1 a3 23. b3 Nxb3 24. axb3 a2 25. Nxa2 Rxa2 26. Bd3 Bg3 27. Bf1 Rb2 28.
Rd2 Rxb3 29. Bg5 Be5 30. Kh1 Kh7 31. f4 Bb2 32. Re1 Ba3 33. Rde2 d5 34. cxd5
cxd5 35. Re3 Rxe3 36. Rxe3 Bd6 37. Rb3 Rf7 38. Kh2 Bc2 39. Rb2 Be4 40. g3 Bf8
41. g4 Bxh6 42. Bxh6 Kxh6 43. Kg3 Rc7 44. g5+ Kg7 45. Be2 d4 46. Rd2 Rc2 47.
Rxc2 Bxc2 48. Bf1 0-1

[Event "2nd UNAM Open Section I 2012"]
[Site "Mexico City MEX"]
[Date "2012.11.25"]
[Round "9.10"]
[White "Perez Avendano, Paul Omar"]
[Black "Perez Garcia, Rodney Oscar"]
[Result "0-1"]
[WhiteTitle "FM"]
[BlackTitle "IM"]
[WhiteElo "2232"]
[BlackElo "2399"]
[WhiteFideId "5102847"]
[BlackFideId "3500918"]
[EventDate "2012.11.21"]

1. d4 d5 2. c4 c6 3. Nc3 Nf6 4. Nf3 dxc4 5. a4 e6 6. e3 c5 7. Bxc4 Nc6 8. O-O
cxd4 9. exd4 Be7 10. d5 exd5 11. Nxd5 Nxd5 12. b3 Be6 13. Re1 O-O 14. Bb2 Bf6
15. Bxf6 Nxf6 16. Bxe6 Qxd1 17. Raxd1 fxe6 18. Rxe6 Rad8 19. Rb1 a5 20. Ne5 Rde8
21. Rxe8 Rxe8 22. Nc4 Ne4 23. h3 h6 24. Rd1 Nc5 25. Rd5 Re1+ 26. Kh2 Nxb3 27.
Rb5 Rc1 28. Nd6 Nc5 0-1

[Event "2nd UNAM Open Section I 2012"]
[Site "Mexico City MEX"]
[Date "2012.11.25"]
[Round "9.11"]
[White "Vera Siguenas, Deivy"]
[Black "Van Weersel, Arlette"]
[Result "0-1"]
[WhiteTitle "FM"]
[BlackTitle "WIM"]
[WhiteElo "2396"]
[BlackElo "2168"]
[WhiteFideId "3804623"]
[BlackFideId "1009877"]
[EventDate "2012.11.21"]

1. e4 e5 2. Nf3 Nc6 3. Bb5 a6 4. Ba4 Nf6 5. O-O Be7 6. Re1 b5 7. Bb3 d6 8. c3
O-O 9. h3 Na5 10. Bc2 c5 11. d4 Qc7 12. Nbd2 Nc6 13. d5 Nd8 14. a4 Rb8 15. axb5
axb5 16. b4 Ne8 17. Nb3 c4 18. Nbd2 g6 19. Nf1 Ng7 20. Bh6 f6 21. N3h2 Nf7 22.
Be3 f5 23. exf5 Bxf5 24. Ra7 Rb7 25. Ra6 Rbb8 26. Ra7 Rb7 27. Ra5 Bd8 28. Ng3
Qc8 29. Ra2 Bb6 30. Nhf1 Qd7 31. Bxb6 Rxb6 32. Ne3 Bxh3 33. Ne4 Nh6 34. gxh3
Qxh3 35. Ra7 Nh5 36. Ng5 Qh4 37. Nf3 Qf4 38. Qe2 Qxf3 39. Qxf3 Rxf3 40. Bd1 Rf7
41. Ra8+ Kg7 42. Bxh5 gxh5 43. Rea1 Ng4 44. Nxg4 hxg4 45. Rd8 Kf6 46. Kg2 Kg5
47. Rh1 Ra6 48. Rg8+ Kf4 49. Rh4 Ke4 50. Rhxg4+ Kxd5 51. Rb8 Kc6 52. Rc8+ Kb7
53. Rd8 Kc7 54. Rgg8 Ra2 55. Rc8+ Kd7 56. Rb8 Raxf2+ 57. Kg1 R2f6 58. Rgd8+ Kc6 0-1

[Event "2nd UNAM Open Section I 2012"]
[Site "Mexico City MEX"]
[Date "2012.11.25"]
[Round "9.12"]
[White "Della Morte, Pablo"]
[Black "Guerra Mojena, Leandro"]
[Result "1-0"]
[WhiteTitle "FM"]
[BlackTitle "FM"]
[WhiteElo "2308"]
[BlackElo "2382"]
[WhiteFideId "108448"]
[BlackFideId "3513602"]
[EventDate "2012.11.21"]

1. e4 e5 2. Nf3 d6 3. d4 Nf6 4. Nc3 Nbd7 5. Bc4 Be7 6. O-O O-O 7. a4 c6 8. Re1
b6 9. b3 a6 10. Bb2 Rb8 11. Bd3 b5 12. axb5 axb5 13. Ne2 Qc7 14. Ng3 Re8 15. Qd2
g6 16. h3 Bf8 17. Bf1 exd4 18. Nxd4 Nc5 19. Nxb5 cxb5 20. Bxf6 Bg7 21. Bxg7 Kxg7
22. Rad1 Ne6 23. Qxd6 Qxd6 24. Rxd6 1-0